[Event "DVM U20w 2020"]
[Site "Willingen GER"]
[Date "2021.06.24"]
[Round "2"]
[White "Kessen, Fanny"]
[Black "Schneider, Anna"]
[Result "1/2-1/2"]
[Termination "normal"]
[Board "5.3"]
[WhiteElo "1274"]
[BlackElo "1714"]
[WhiteClock "00:08:32"]
[BlackClock "00:29:53"]
[WhiteTeam "SC Borussia Lichtenberg 2"]
[BlackTeam "OSG Baden-Baden"]
[PlyCount "90"]
[WhiteFideId "16217357"]
[BlackFideId "16200527"]
[EventCountry "GER"]
[EventRounds "7"]
[EventType "team-swiss"]
[EventDate "2021.06.23"]

1. e4 {[%clk 01:30:56]  [%emt 00:00:02]} 1... e5 { [%clk 01:30:56]  [%emt
00:00:05]} 2. Nf3 {[%clk 01:31:16]  [%emt 00:00:09]} 2... Nc6 {[%clk 01:31:23] 
[%emt 00:00:04]} 3. Bc4 { [%clk 01:31:35]  [%emt 00:00:11]} 3... Bc5 {[%clk
01:31:48]  [%emt 00:00:05]} 4. d3 {[%clk 01:31:52]  [%emt 00:00:13]} 4... Nf6 {
[%clk 01:31:59]  [%emt 00:00:19]} 5. c3 {[%clk 01:32:17]  [%emt 00:00:05]} 5...
d6 {[%clk 01:32:20]  [%emt 00:00:09]} 6. Bb3 {[%clk 01:32:17]  [%emt 00:00:29]}
6... a6 {[%clk 01:32:39]  [%emt 00:00:13]} 7. a4 { [%clk 01:31:58]  [%emt
00:00:48]} 7... Ba7 {[%clk 01:32:52]  [%emt 00:00:17]} 8. O-O {[%clk 01:31:48] 
[%emt 00:00:41]} 8... h6 { [%clk 01:32:58]  [%emt 00:00:24]} 9. h3 {[%clk
01:31:35]  [%emt 00:00:42]} 9... O-O {[%clk 01:33:08]  [%emt 00:00:21]} 10. Re1
{ [%clk 01:31:48]  [%emt 00:00:16]} 10... Be6 {[%clk 01:33:24]  [%emt
00:00:14]} 11. Nbd2 {[%clk 01:30:25]  [%emt 00:01:54]} 11... Qd7 { [%clk
01:33:34]  [%emt 00:00:19]} 12. Bxe6 {[%clk 01:26:31]  [%emt 00:04:24]} 12...
fxe6 {[%clk 01:33:23]  [%emt 00:00:41]} 13. Nf1 { [%clk 01:25:53]  [%emt
00:01:08]} 13... Qf7 {[%clk 01:27:06]  [%emt 00:06:47]} 14. Ng3 {[%clk
01:23:43]  [%emt 00:02:40]} 14... Qg6 { [%clk 01:24:06]  [%emt 00:03:30]} 15.
Be3 {[%clk 01:21:12]  [%emt 00:03:01]} 15... Bxe3 {[%clk 01:22:22]  [%emt
00:02:15]} 16. Rxe3 { [%clk 01:21:30]  [%emt 00:00:11]} 16... Rae8 {[%clk
01:20:14]  [%emt 00:02:38]} 17. Qd2 {[%clk 01:15:08]  [%emt 00:06:52]} 17...
Nh5 { [%clk 01:16:49]  [%emt 00:03:56]} 18. Nxh5 {[%clk 01:12:29]  [%emt
00:03:09]} 18... Qxh5 {[%clk 01:16:56]  [%emt 00:00:23]} 19. Nh2 { [%clk
01:09:44]  [%emt 00:03:15]} 19... Re7 {[%clk 01:11:44]  [%emt 00:05:42]} 20.
Rf1 {[%clk 01:06:32]  [%emt 00:03:41]} 20... Ref7 { [%clk 01:09:50]  [%emt
00:02:24]} 21. Rg3 {[%clk 01:02:49]  [%emt 00:04:13]} 21... Ne7 {[%clk
01:03:06]  [%emt 00:07:14]} 22. Ng4 { [%clk 00:59:29]  [%emt 00:03:51]} 22...
Ng6 {[%clk 00:57:09]  [%emt 00:06:26]} 23. b4 {[%clk 00:50:52]  [%emt
00:09:06]} 23... Nf4 { [%clk 00:54:23]  [%emt 00:03:17]} 24. Qd1 {[%clk
00:43:55]  [%emt 00:07:26]} 24... Kh8 {[%clk 00:50:54]  [%emt 00:04:01]} 25.
Re3 { [%clk 00:37:26]  [%emt 00:06:59]} 25... Qg5 {[%clk 00:43:39]  [%emt
00:07:45]} 26. Rg3 {[%clk 00:31:56]  [%emt 00:05:59]} 26... Qh4 { [%clk
00:31:05]  [%emt 00:13:04]} 27. Nh2 {[%clk 00:26:10]  [%emt 00:06:17]} 27...
Rf6 {[%clk 00:26:00]  [%emt 00:05:34]} 28. c4 { [%clk 00:20:44]  [%emt
00:05:56]} 28... Qh5 {[%clk 00:21:12]  [%emt 00:05:19]} 29. Qxh5 {[%clk
00:19:46]  [%emt 00:01:28]} 29... Nxh5 { [%clk 00:21:36]  [%emt 00:00:06]} 30.
Rf3 {[%clk 00:19:12]  [%emt 00:01:04]} 30... Nf4 {[%clk 00:20:48]  [%emt
00:01:18]} 31. Kh1 { [%clk 00:18:05]  [%emt 00:01:37]} 31... Ne2 {[%clk
00:18:26]  [%emt 00:02:52]} 32. Rxf6 {[%clk 00:17:11]  [%emt 00:01:24]} 32...
Rxf6 { [%clk 00:18:12]  [%emt 00:00:43]} 33. Nf3 {[%clk 00:16:24]  [%emt
00:01:17]} 33... Nc3 {[%clk 00:16:53]  [%emt 00:01:50]} 34. a5 { [%clk
00:15:16]  [%emt 00:01:37]} 34... Ne2 {[%clk 00:16:58]  [%emt 00:00:25]} 35.
Re1 {[%clk 00:14:09]  [%emt 00:01:38]} 35... Nd4 { [%clk 00:17:10]  [%emt
00:00:17]} 36. Nxd4 {[%clk 00:14:20]  [%emt 00:00:18]} 36... exd4 {[%clk
00:17:32]  [%emt 00:00:10]} 37. f3 { [%clk 00:14:29]  [%emt 00:00:20]} 37...
Rf7 {[%clk 00:17:00]  [%emt 00:01:02]} 38. Kg1 {[%clk 00:14:28]  [%emt
00:00:31]} 38... Kg8 { [%clk 00:17:01]  [%emt 00:00:29]} 39. e5 {[%clk
00:13:08]  [%emt 00:01:50]} 39... dxe5 {[%clk 00:15:17]  [%emt 00:02:14]} 40.
Rxe5 { [%clk 00:13:17]  [%emt 00:00:20]} 40... Re7 {[%clk 00:10:46]  [%emt
00:05:02]} 41. Re4 {[%clk 00:12:05]  [%emt 00:01:42]} 41... Kf7 { [%clk
00:08:19]  [%emt 00:02:56]} 42. Rxd4 {[%clk 00:11:19]  [%emt 00:01:17]} 42...
e5 {[%clk 00:07:57]  [%emt 00:00:53]} 43. Re4 { [%clk 00:09:48]  [%emt
00:01:59]} 43... Rd7 {[%clk 00:07:51]  [%emt 00:00:37]} 44. Re3 {[%clk
00:09:48]  [%emt 00:00:30]} 44... Kf6 { [%clk 00:06:06]  [%emt 00:02:15]} 45.
Kf2 {[%clk 00:08:32]  [%emt 00:01:46]} 45... Rd4 {[%clk 00:29:53]  [%emt
00:06:43]} 1/2-1/2

[Event "DVM U20w 2020"]
[Site "Willingen GER"]
[Date "2021.06.24"]
[Round "2"]
[White "Nanthivarman, Merymuthu"]
[Black "Ludwig, Lea"]
[Result "1-0"]
[Termination "normal"]
[Board "5.4"]
[WhiteElo "1215"]
[BlackElo "1222"]
[WhiteClock "00:40:26"]
[BlackClock "00:42:39"]
[WhiteTeam "OSG Baden-Baden"]
[BlackTeam "SC Borussia Lichtenberg 2"]
[PlyCount "37"]
[WhiteFideId "16255755"]
[BlackFideId "16217381"]
[EventCountry "GER"]
[EventRounds "7"]
[EventType "team-swiss"]
[EventDate "2021.06.23"]

1. e4 {[%clk 01:30:57]} 1... c5 {[%clk 01:30:46]  [%emt 00:00:15]} 2. Nf3 {
[%clk 01:31:18]  [%emt 00:00:08]} 2... Nc6 {[%clk 01:31:00]  [%emt 00:00:17]}
3. b3 {[%clk 01:31:07]  [%emt 00:00:41]} 3... d6 { [%clk 01:31:02]  [%emt
00:00:28]} 4. g3 {[%clk 01:30:20]  [%emt 00:01:17]} 4... Nf6 {[%clk 01:31:14] 
[%emt 00:00:19]} 5. Nc3 {[%clk 01:30:37]  [%emt 00:00:13] } 5... g6 {[%clk
01:30:25]  [%emt 00:01:19]} 6. Bb2 { [%clk 01:30:20]  [%emt 00:00:47]} 6... Bg7
{[%clk 01:30:44]  [%emt 00:00:11]} 7. Bg2 {[%clk 01:29:08]  [%emt 00:01:42]}
7... O-O { [%clk 01:29:02]  [%emt 00:02:12]} 8. d3 {[%clk 01:29:10]  [%emt
00:00:28]} 8... a6 {[%clk 01:29:05]  [%emt 00:00:27]} 9. a4 {[%clk 01:25:34] 
[%emt 00:04:06]} 9... Rb8 {[%clk 01:28:28]  [%emt 00:01:07]} 10. d4 { [%clk
01:17:52]  [%emt 00:08:12]} 10... cxd4 {[%clk 01:27:26]  [%emt 00:01:32]} 11.
Nxd4 {[%clk 01:16:48]  [%emt 00:01:34]} 11... Bd7 { [%clk 01:20:17]  [%emt
00:07:39]} 12. O-O {[%clk 01:14:21]  [%emt 00:02:56]} 12... Qc8 {[%clk
01:18:10]  [%emt 00:02:37]} 13. Nxc6 { [%clk 01:07:44]  [%emt 00:07:08]} 13...
Bxc6 {[%clk 01:17:57]  [%emt 00:00:43]} 14. Nd5 {[%clk 01:04:07]  [%emt
00:04:07]} 14... Qe6 { [%clk 01:05:38]  [%emt 00:12:48]} 15. Re1 {[%clk
01:00:21]  [%emt 00:04:18]} 15... Rfd8 {[%clk 00:51:25]  [%emt 00:14:42]} 16.
Rb1 { [%clk 00:54:58]  [%emt 00:05:52]} 16... b5 {[%clk 00:48:11]  [%emt
00:03:45]} 17. Bf3 {[%clk 00:43:52]  [%emt 00:11:35]} 17... Rdc8 { [%clk
00:45:02]  [%emt 00:03:40]} 18. Nxf6+ {[%clk 00:40:38]  [%emt 00:03:44]} 18...
Bxf6 {[%clk 00:42:39]  [%emt 00:02:53]} 19. Bg4 { [%clk 00:40:26]  [%emt
00:00:41]} 1-0

[Event "DVM U20w 2020"]
[Site "Willingen GER"]
[Date "2021.06.24"]
[Round "2"]
[White "Stelter, Finja"]
[Black "Ley, Sabrina"]
[Result "0-1"]
[Termination "normal"]
[Board "6.1"]
[WhiteElo "1133"]
[BlackElo "1866"]
[WhiteTeam "SK Lehrte von 1919 e. V."]
[BlackTeam "SC Landskrone"]
[PlyCount "66"]
[WhiteFideId "16298624"]
[BlackFideId "12938130"]
[EventCountry "GER"]
[EventRounds "7"]
[EventType "team-swiss"]
[EventDate "2021.06.23"]

1. e4 e6 2. Nf3 d5 3. exd5 exd5 4. d4 Bd6 5. Nc3 c6 6. Bd3 Ne7 7. Ne5 Nd7 8.
Bf4 Nxe5 9. Bxe5 Bxe5 10. dxe5 d4 11. Ne4 Qa5+ 12. Qd2 Qxe5 13. Qb4 O-O 14.
O-O-O Nd5 15. Qd2 a5 16. Rde1 Nb4 17. Kb1 Qd5 18. b3 Nxd3 19. Qxd3 Bf5 20. f3
a4 21. g4 Bg6 22. h4 axb3 23. cxb3 Qa5 24. Re2 c5 25. h5 Bxe4 26. Qxe4 h6 27.
f4 Qb5 28. g5 Rfe8 29. Qf5 Qxe2 30. gxh6 Qxa2+ 31. Kc1 Qa1+ 32. Kc2 Ra2+ 33.
Kd3 Qc3# 0-1

[Event "DVM U20w 2020"]
[Site "Willingen GER"]
[Date "2021.06.24"]
[Round "2"]
[White "Kalina, Lena"]
[Black "Thiele, Lea-Marie"]
[Result "1-0"]
[Termination "normal"]
[Board "6.2"]
[WhiteElo "1585"]
[BlackElo "1263"]
[WhiteTeam "SC Landskrone"]
[BlackTeam "SK Lehrte von 1919 e. V."]
[PlyCount "89"]
[WhiteFideId "12988014"]
[BlackFideId "16298616"]
[EventCountry "GER"]
[EventRounds "7"]
[EventType "team-swiss"]
[EventDate "2021.06.23"]

1. d4 Nf6 2. c4 g6 3. g3 d6 4. Bg2 Nbd7 5. Nc3 Bg7 6. Nf3 O-O 7. O-O c6 8. e4
Qc7 9. h3 e5 10. Be3 Nb6 11. b3 Rd8 12. Qc2 Ne8 13. Rad1 Be6 14. Ng5 Qe7 15.
Nxe6 fxe6 16. dxe5 Bxe5 17. f4 Bg7 18. Bd4 e5 19. fxe5 dxe5 20. Be3 Rxd1 21.
Nxd1 Nf6 22. Nb2 Rd8 23. Nd3 Qd6 24. Nc5 Rb8 25. Rd1 Qe7 26. a4 a5 27. Qd2 Ra8
28. Qd6 Qxd6 29. Rxd6 Bf8 30. Rxf6 Bg7 31. Rd6 Rf8 32. Nxb7 Nc8 33. Rxc6 Rf7
34. Rxc8+ Bf8 35. Nxa5 Kg7 36. Nc6 Rd7 37. Nxe5 Rd1+ 38. Kh2 Bd6 39. Rd8 Kf6
40. Ng4+ Ke7 41. Bg5+ Kf7 42. e5 Rb1 43. Rxd6 Rxb3 44. e6+ Ke8 45. Rd8# 1-0

[Event "DVM U20w 2020"]
[Site "Willingen GER"]
[Date "2021.06.24"]
[Round "2"]
[White "Daoud, Shahnaz"]
[Black "Müller, Riyanna"]
[Result "0-1"]
[Termination "normal"]
[Board "6.3"]
[WhiteElo "1145"]
[BlackElo "1419"]
[WhiteTeam "SK Lehrte von 1919 e. V."]
[BlackTeam "SC Landskrone"]
[PlyCount "106"]
[WhiteFideId "16297750"]
[BlackFideId "16287401"]
[EventCountry "GER"]
[EventRounds "7"]
[EventType "team-swiss"]
[EventDate "2021.06.23"]

1. d4 d5 2. Nf3 Nf6 3. e3 Bf5 4. c4 dxc4 5. Bxc4 e6 6. Nc3 a6 7. a4 c5 8. O-O
Nc6 9. d5 exd5 10. Nxd5 Be7 11. Re1 Na5 12. Nxe7 Qxd1 13. Rxd1 Kxe7 14. Ba2 Bc2
15. Rd2 Bb3 16. Rd3 Bxa2 17. Rxa2 Rhd8 18. Rxd8 Rxd8 19. Bd2 Nb3 20. Be1 Ne4
21. Kf1 Ned2+ 22. Nxd2 Nxd2+ 23. Ke2 Nb3 24. Ra3 c4 25. a5 Kd6 26. Kd1 Kc5+ 27.
Kc2 Kb5 28. h3 f5 29. g3 g5 30. Bc3 h5 31. Bf6 Rd2+ 32. Kc3 Rd1 33. Rxb3+ cxb3
34. Kxb3 Kxa5 35. h4 gxh4 36. gxh4 Rf1 37. f4 Rf3 38. Bd4 Rh3 39. Bf6 Rxe3+ 40.
Kc2 Rf3 41. Be5 Kb4 42. Bc3+ Rxc3+ 43. bxc3+ Kc4 44. Kd2 a5 45. Kc2 a4 46. Kb2
b5 47. Kc2 a3 48. Kb1 Kxc3 49. Ka1 b4 50. Ka2 b3+ 51. Ka1 b2+ 52. Kb1 a2+ 53.
Kxa2 Kc2 0-1

[Event "DVM U20w 2020"]
[Site "Willingen GER"]
[Date "2021.06.24"]
[Round "2"]
[White "Bräutigam, Katerina"]
[Black "Sickmann, Lisa"]
[Result "1-0"]
[Termination "normal"]
[Board "7.1"]
[WhiteElo "1718"]
[BlackElo "1510"]
[WhiteTeam "Elmshorner SC von 1896"]
[BlackTeam "Lübecker SV von 1873"]
[PlyCount "79"]
[WhiteFideId "16242980"]
[BlackFideId "16267818"]
[EventCountry "GER"]
[EventRounds "7"]
[EventType "team-swiss"]
[EventDate "2021.06.23"]

1. e4 e5 2. Nf3 Nc6 3. Bb5 Nf6 4. O-O Nxe4 5. Re1 Nd6 6. Nxe5 Be7 7. Ba4 O-O 8.
d4 Nf5 9. c3 Nxe5 10. Rxe5 d5 11. Qd3 Nh4 12. Nd2 c6 13. Nf3 Nxf3+ 14. Qxf3 Bd6
15. Re1 Qh4 16. h3 Bd7 17. Bd2 Rfe8 18. b4 b5 19. Bc2 a6 20. a4 Rxe1+ 21. Rxe1
g6 22. Ra1 Qe7 23. axb5 cxb5 24. Qxd5 Re8 25. Bd3 Bc8 26. Re1 Be6 27. Qc6 Rc8
28. Qxa6 Qc7 29. Qxb5 Bf4 30. Bxf4 Qxf4 31. d5 Qd2 32. Re2 Qc1+ 33. Kh2 Bf5 34.
Bxf5 gxf5 35. Re8+ Rxe8 36. Qxe8+ Kg7 37. Qe5+ Kg6 38. d6 f6 39. Qd4 f4 40. d7
1-0

[Event "DVM U20w 2020"]
[Site "Willingen GER"]
[Date "2021.06.24"]
[Round "2"]
[White "Schmidt, Antonia"]
[Black "Falke, Ornella"]
[Result "1-0"]
[Termination "normal"]
[Board "7.2"]
[WhiteElo "1458"]
[BlackElo "1566"]
[WhiteTeam "Lübecker SV von 1873"]
[BlackTeam "Elmshorner SC von 1896"]
[PlyCount "77"]
[WhiteFideId "16291280"]
[BlackFideId "16207092"]
[EventCountry "GER"]
[EventRounds "7"]
[EventType "team-swiss"]
[EventDate "2021.06.23"]

1. c4 e5 2. Nc3 Nc6 3. g3 g6 4. Bg2 Bg7 5. d3 d6 6. Nf3 f5 7. e4 Nge7 8. O-O
O-O 9. Be3 Nd4 10. Bxd4 exd4 11. Ne2 fxe4 12. Nfxd4 exd3 13. Qxd3 Nf5 14. Rad1
Rb8 15. b3 Qf6 16. Nb5 Qe7 17. Nf4 c6 18. Rfe1 Be5 19. Nc3 Qf7 20. Nfe2 Be6 21.
f4 Bg7 22. Ne4 h6 23. Nxd6 Qc7 24. Nxf5 Bxf5 25. Be4 Qb6+ 26. Kg2 Rbd8 27. Qc2
Bxe4+ 28. Qxe4 Rde8 29. Qxg6 Re7 30. Ng1 Rf6 31. Qd3 Rxe1 32. Rxe1 Rf8 33. Nf3
Rd8 34. Qg6 Qa5 35. Re7 Qxa2+ 36. Kh3 Qa1 37. Ne5 Qf1+ 38. Kh4 Qd1 39. Qxg7#
1-0

[Event "DVM U20w 2020"]
[Site "Willingen GER"]
[Date "2021.06.24"]
[Round "2"]
[White "Margaryan, Susanna"]
[Black "Gossing, Marie-Sophie"]
[Result "1-0"]
[Termination "normal"]
[Board "7.3"]
[WhiteElo "1468"]
[BlackElo "1269"]
[WhiteTeam "Elmshorner SC von 1896"]
[BlackTeam "Lübecker SV von 1873"]
[PlyCount "133"]
[WhiteFideId "16268210"]
[BlackFideId "16217284"]
[EventCountry "GER"]
[EventRounds "7"]
[EventType "team-swiss"]
[EventDate "2021.06.23"]

1. d4 Nf6 2. c4 g6 3. Nf3 Bg7 4. Bf4 O-O 5. e3 d6 6. Nc3 Bg4 7. Be2 Nbd7 8. h3
Bxf3 9. Bxf3 c6 10. O-O e5 11. Bg3 Re8 12. Qb3 Qb6 13. Qxb6 Nxb6 14. b3 e4 15.
Be2 d5 16. c5 Nbd7 17. b4 b6 18. Ba6 Re6 19. Bb7 Rae8 20. Bd6 Nb8 21. b5 cxb5
22. Nxb5 Rd8 23. Nc7 Rexd6 24. cxd6 Rxd6 25. Na6 Nfd7 26. Rac1 Nxa6 27. Bxa6 f5
28. Rc8+ Bf8 29. Rfc1 g5 30. R1c6 Rxc6 31. Rxc6 Nb8 32. Bb7 Nxc6 33. Bxc6 Kg7
34. Bxd5 Kf6 35. Kf1 Bb4 36. Ke2 Ke7 37. f3 exf3+ 38. gxf3 Kd6 39. e4 f4 40.
Bc4 Bc3 41. Kd3 Bb4 42. e5+ Ke7 43. Ke4 h6 44. d5 Bc5 45. d6+ Bxd6 46. exd6+
Kxd6 47. Kf5 Kc5 48. Bb3 b5 49. Kg6 a5 50. Kxh6 a4 51. Bf7 Kd4 52. Kxg5 b4 53.
h4 Kc3 54. h5 b3 55. Bxb3 axb3 56. axb3 Kxb3 57. h6 Kc3 58. h7 Kd3 59. h8=Q Ke3
60. Qe5+ Kf2 61. Kxf4 Kg2 62. Qe2+ Kh3 63. Qf1+ Kh2 64. Qf2+ Kh1 65. Qe2 Kg1
66. Kg3 Kh1 67. Qg2# 1-0